00581nam a22001697a 4500020001500000040000900015082001800024100001600042245003500058250001300093260002500106650003500131942001200166999001900178952010700197952010700304 a9067644218 cNUST a621.38152 ADH aMittal, K.L aAdhesion Aspects of Thin Films bVolume 2 aBoston:bVSP,c2005. aAdhesion Aspects of Thin Films 2ddccBK c594742d594742 00102ddc4070aCEMEbCEMEcGENd2023-05-15l0o621.38152 ADHpCEME-45718r2023-05-15w2023-05-15yBK 00102ddc4070aCEMEbCEMEcGENd2023-05-15l0o621.38152 ADHpCEME-45717r2023-05-15w2023-05-15yBK